|
|
|
|
| LEADER |
01161cam a2200313 7i4500 |
| 001 |
0000123015 |
| 005 |
20220412090000.0 |
| 008 |
220405t19681968ii a ### #00001eng## |
| 040 |
# |
# |
|a UMT
|
| 090 |
0 |
0 |
|a QP 31
|b .G6 1968
|
| 100 |
1 |
# |
|a Gordon, Malcolm S.
|e author
|
| 245 |
1 |
0 |
|a Animal function :
|b principles and adaptations
|c Malcolm S. Gordon, George A. Bartholomew, Alan D. Grinnell, C. Barker Jorgensen, Fred N. White.
|
| 264 |
# |
4 |
|c ♭1968.
|
| 264 |
# |
1 |
|a New Delhi:
|b Amerind Publishing Co.Pvt.Ltd,
|c [1968].
|
| 300 |
# |
# |
|a xvi, 560 pages:
|b illustrations;
|c 26 cm.
|
| 336 |
# |
# |
|a text
|2 rdacontent
|
| 337 |
# |
# |
|a unmediated
|2 rdamedia
|
| 338 |
# |
# |
|a volume
|2 rdacarrier
|
| 490 |
1 |
# |
|a The Macmillan core series in biology
|
| 504 |
# |
# |
|a Includes bibliographical references and index
|
| 590 |
# |
# |
|a Perpustakaan Sultanah Nur Zahirah
|
| 650 |
0 |
0 |
|a Animal ecology
|
| 650 |
0 |
0 |
|a Physiology, Comparative
|
| 700 |
1 |
# |
|a White, Fred N.
|
| 700 |
1 |
# |
|a Bartholomew, George Adelbert(
|d 1919-)
|
| 700 |
1 |
# |
|a Grinnell, Alan D.
|
| 700 |
1 |
# |
|a Jorgensen, C. Barker
|
| 830 |
# |
0 |
|a The Macmillan core series in biology
|
| 999 |
|
|
|a 1100045942
|b Book
|c Open Shelf
|e KOLEKSI TERBUKA
|